000 00664nam a2200205Ia 4500
003 GCL
008 140319s9999 xx 000 0 ara d
040 _aGCL /
_cGCL
082 0 4 _a813.03
_bى ف
100 1 _aيحيى حقى
245 1 0 _aفى محراب الفن (موسيقى - تشكيل - عمارة)الكنايات النقدية- 12 /
_cيحيى حقى
260 _a[S.N] :
_bالهيئة المصرية العامة للكتاب
300 _a286 ص
490 _aمؤلفات يحيى حقى
_v0
650 0 4 _aالادب العربى
650 0 4 _aمصر
650 0 4 _aالادب
650 0 4 _aالمقالات العربية
942 _2ddc
_cBK
999 _c29554
_d29554